Lukács György: Ifjúkori művek. Magvető K. 1977. 892 p.
Elmentve itt :
| Szerző: | |
|---|---|
| Adatforrás: | Philobibl |
| Forrásdokumentuma: | Magyar Filozófiai Szemle 22.1978:6. 887-891. p. |
| Dokumentumtípus: | Cikk |
| Nyelv: | magyar |
| Kulcsszavak: | Lukács György filozófia, marxista |
| Online elérés: | előfizetéssel hozzáférhető |
| LEADER | 00593nab a2200145 c 4500 | ||
|---|---|---|---|
| 001 | bibDOK00008380 | ||
| 005 | 20230605155109.9 | ||
| 008 | 060518s1978 hu hun | ||
| 100 | 1 | |a György Péter | |
| 245 | 1 | 0 | |a Lukács György: Ifjúkori művek. Magvető K. 1977. 892 p. |c György Péter |
| 580 | |a Lukács György: Ifjúkori művek. Magvető K. 1977. | ||
| 695 | |a Lukács György | ||
| 695 | |a filozófia, marxista | ||
| 773 | 0 | |t Magyar Filozófiai Szemle |g 22.1978:6. 887-891. p. | |
| 856 | 4 | 1 | |3 Full text |u https://adt.arcanum.com/hu/view/FilozofiaiSzemle_1978/?pg=910&layout=s |z előfizetéssel hozzáférhető |